| 000 | 00585nam a22001935i 4500 | ||
|---|---|---|---|
| 001 | 52999 | ||
| 003 | ES-MaACL | ||
| 005 | 20251019063041.0 | ||
| 007 | t| | ||
| 008 | 950907s1888 fr ||||1| fre d | ||
| 040 |
_aCAM _bspa _cCAM |
||
| 100 | 1 |
_aDostoievski, Fiódor, _d1821-1881 _9242371 |
|
| 245 | 1 | 4 |
_aLes pauvres gens / _cTh. Dostoïevsky; traduit du russe par Victor Derély. |
| 260 |
_aParis : _bE. Plon, Nourrit et Cie., _c[1888] |
||
| 300 |
_a[4], 275 p. ; _c18 cm. |
||
| 700 | 1 |
_aDerély, Victor. _943765 |
|
| 852 |
_aES-MaACL _jD-1991 |
||
| 999 |
_c52999 _d52999 |
||